| 000 | 01086cab a2200181 4500 | ||
|---|---|---|---|
| 001 | L130861 | ||
| 008 | 110922n2005 000 0 eng u | ||
| 035 | _a(Sirsi) u130861 | ||
| 041 | 0 | _aeng | |
| 100 | _aMaxwell, Dominic | ||
| 245 |
_aShifting foundations _bhomeownership and government objectives |
||
| 260 |
_aLondon _bInstitute for Public Policy Research _c2005 |
||
| 520 | _aExamines government stated reasons for subsidising home ownership, asks to what extent these provide adequate justification for subsidies and uses this analysis to draw some broad principles for policy. Explores two government objectives in depth: creating mixed communities and enabling more people to share in increasing asset wealth. The paper is part of a larger project "Housing across the lifecycle". References. | ||
| 590 | _aIKA130905 | ||
| 690 | _aPROPERTY-RESIDENTIAL PROPERTY-ACQUISITION AND DISPOSAL OF RESIDENTIAL PROPERTY-HOME BUYING REFORM | ||
| 856 |
_uhttps://www.ippr.org/ecomm/files/housing%20across%20the%20lifecycle.pdf _zView the paper free of charge at www.ippr.org |
||
| 942 | _n0 | ||
| 999 |
_c75845 _d75845 |
||